skbl

Dr Suryya Kumar Bhuyan Library Web-OPAC
ডঃ সূৰ্য্য
কুমাৰ ভূঞা পুথিভঁৰাল ৱেব-অ'পেক

All Research Scholars are advised to clear the annual library fees to continue using Library Resources, Remote Access, Plagiarism Test and Library Clearance.

Cotton University Book Fair 2026

Dastan -e-Farud As Shahnama-i- Firdausi (Record no. 57130)

MARC details
000 -LEADER
fixed length control field 00507nam a2200181Ia 4500
001 - CONTROL NUMBER
control field 57217
008 - FIXED-LENGTH DATA ELEMENTS--GENERAL INFORMATION
fixed length control field 131128n ii |||gr||||Z||||||297
082 ## - DEWEY DECIMAL CLASSIFICATION NUMBER
Classification number 891.551
245 #0 - TITLE STATEMENT
Title Dastan -e-Farud As Shahnama-i- Firdausi
Statement of responsibility, etc. Firdausi Tusi
Medium Textual Documents
250 ## - EDITION STATEMENT
Edition statement Ist ed.
260 ## - PUBLICATION, DISTRIBUTION, ETC.
Name of publisher, distributor, etc. Buniad-e-Shahnama Firdau.
300 ## - PHYSICAL DESCRIPTION
Dimensions 27cm.
500 ## - GENERAL NOTE
General note Edited by Muhammad Raushan
653 ## - INDEX TERM--UNCONTROLLED
Uncontrolled term Islamic Studies
653 ## - INDEX TERM--UNCONTROLLED
Uncontrolled term Deptt- Islamic Studies
700 ## - ADDED ENTRY--PERSONAL NAME
Personal name Tusi, Firdausi .,
Relator term Author.
942 ## - ADDED ENTRY ELEMENTS (KOHA)
Source of classification or shelving scheme Dewey Decimal Classification
Koha item type Books
Holdings
Withdrawn status Lost status Damaged status Not for loan Collection Home library Current library Shelving location Date acquired Source of acquisition Coded location qualifier Cost, normal purchase price Total checkouts Full call number Barcode Date last seen Copy number Price effective from Koha item type Public note
          Dr. Suryya Kumar Bhuyan Library Dr. Suryya Kumar Bhuyan Library   28/11/2013 13 00000 450.00   891.551 Tu 871 Da 980/Isl 14/01/2024 1 28/11/2013 Books 13

Designed and Maintained by Team SKBL
©1901-2026

Powered by Koha